| 000 | 00732nam a22003010a 4500 | ||
|---|---|---|---|
| 001 | PT62334 | ||
| 003 | AR-LpoUNG | ||
| 005 | 20210131232105.0 | ||
| 008 | 191001s2018||||ag |||||||||||||||||spa d | ||
| 020 |
_a9789877384741 _c$54.46 |
||
| 040 |
_aAR-LpoUNG _bspa _cAR-LpoUNG _eaacr |
||
| 041 | _aspa | ||
| 044 | _aag | ||
| 082 | 0 | _aA863 862ens | |
| 100 | 1 | _aBrizuela, Leopoldo | |
| 245 | 1 | 0 |
_aEnsenada : _buna memoria |
| 250 | _a1ra. ed. | ||
| 260 |
_aBuenos Aires : _bAlfaguara, _c2018. |
||
| 300 |
_a258 p. : _bfot. |
||
| 650 | 4 | _aARGENTINA | |
| 650 | 4 | _aLITERATURA | |
| 650 | 4 | _aNOVELAS | |
| 653 | _aLITERATURA ARGENTINA | ||
| 653 | _aMEMORIA COLECTIVA | ||
| 653 | _aPERONISMO | ||
| 905 | _a62334 | ||
| 942 | _cLIB | ||
| 999 |
_c13698 _d13698 |
||